Integrated security system / (Record no. 210866)

000 -LEADER
fixed length control field 00911 a2200205 4500
003 - CONTROL NUMBER IDENTIFIER
control field NUST
005 - DATE AND TIME OF LATEST TRANSACTION
control field 20251203174617.0
040 ## - CATALOGING SOURCE
Transcribing agency Nust
082 ## - DEWEY DECIMAL CLASSIFICATION NUMBER
Classification number 621.382,NAW
100 ## - MAIN ENTRY--PERSONAL NAME
Personal name Nawaz, Muhammad Ul Husnain (TE-46 / TCC-22)
9 (RLIN) 131509
110 ## - MAIN ENTRY--CORPORATE NAME
Corporate name or jurisdiction name as entry element Capt Haif Qaisar Islam
9 (RLIN) 131510
245 ## - TITLE STATEMENT
Title Integrated security system /
Remainder of title Muhammad Ul Husnain Nawaz, Capt Hafiz Qaisar Islam and PC Hira Shahid TE-46 / TCC-22
260 ## - PUBLICATION, DISTRIBUTION, ETC.
Place of publication, distribution, etc. Rawalpindi
Name of publisher, distributor, etc. MCS (NUST)
Date of publication, distribution, etc. 2013
300 ## - PHYSICAL DESCRIPTION
Extent xiii,90 p.;
505 ## - FORMATTED CONTENTS NOTE
Formatted contents note Introduction (Page-1), Literature Review (Page-4), Section of Algorithms (Page-20), Project Layout (Page-24), Hardware and Software Specifications (Page-27), Development of the Project (Page-35), future Research and Conclusion (Page-55), Bibliography (Page-58).
650 ## - SUBJECT ADDED ENTRY--TOPICAL TERM
Topical term or geographic name entry element UG Project
9 (RLIN) 131132
651 ## - SUBJECT ADDED ENTRY--GEOGRAPHIC NAME
Geographic name TE-46 / TCC-22
9 (RLIN) 131511
700 ## - ADDED ENTRY--PERSONAL NAME
Personal name Supervised by Asst Prof Dr. Safia Akram
9 (RLIN) 132193
942 ## - ADDED ENTRY ELEMENTS (KOHA)
Koha item type Project Report
Source of classification or shelving scheme
Holdings
Withdrawn status Lost status Source of classification or shelving scheme Damaged status Not for loan Permanent Location Current Location Shelving location Date acquired Full call number Barcode Date last seen Price effective from Koha item type Public note
          Military College of Signals (MCS) Military College of Signals (MCS) Reference 12/12/2016 621.382,NAW MCSPTC-188 12/08/2016 12/12/2016 Project Report Almirah No. 94, Shelf No. 4
          Military College of Signals (MCS) Military College of Signals (MCS) Reference 12/12/2016 621.382,NAW MCSPTE-214 12/08/2016 12/12/2016 Project Report  
© 2023 Central Library, National University of Sciences and Technology. All Rights Reserved.